Zgadnij tytuł polskiej gry - Statystyki

Ogólne statystyki
  • Ten quiz został rozwiązany 1 660 razy
  • Średni wynik to 5 z 9
Statystyki odpowiedzi
opis gry nazwa gry % Poprawnych
Fabularna gra akcji tworzona przez studio CD Projekt Red. Na targach E3 Keanu Reeves podał datę premiery gry. Cyberpunk 2077
78%
Gra karciana na podstawie książek Andrzeja Sapkowskiego. Stworzona przez twórców gry Wiedźmin. Gwint
78%
Gra o tematyce Survival,horror stworzona przez Techland. Głównym bohaterem jest Kyle Crane,który został wysłany do zarażonego epidemią miasta Harran. Do tej gry powstał dodatek o nazwie "The Following. Druga część gry została zapowiedziana na targach E3 w 2019roku. Dying Light
77%
Trzecia część gry na podstawie książki Andrzeja Sapskowskiego.Powstały doniego dwa niezależne dodatki Wiedźmin 3 Dziki Gon
77%
jesteś na wyspie Banoi w Papui-Nowej Gwinei.Podczas twojego pobytu wybucha epidemia i ludzie zmieniają sie w zombie. Dead Island
74%
niezależna gra komputerowa z gatunku strzelanek pierwszoosobowych.Czas rusza sę wtedy gdy się poruszasz,co podkreśla motto gry-"Czas płynie tylko kiedy się ruszasz" Superhot
63%
Gra opowiada o przetrwaniu podczas wojny. W przecisieństwie do innych gier wojennych opowiada o cywilach a nie o żołnierzach. Została wyprodukowana przez studio 11 bit Studios. This War of Mine
42%
Jesteśmy amerykańskim korespondentem wojennym,który przypbywa do Europy żeby relacjonować wydarzenia na froncie. W Warszawie zostaje wcielony do walki z nazistami podczas Powstania Warszawskiego Enemy Front
15%
Gra strategiczna osadzona w czasie istnienia zakonu krzyżackiego. Zadaniem gracza jest zdobywanie wskazanych punktów lub zniszczenie wszystkich wrogów Kryżacy
1%
Nie znaleziono quizów pasujących do podanych kryteriów
Rozkład punktacji
Procent ludzi z każdym wynikiem
Percentyl według liczby udzielonych odpowiedzi
Twoja historia wyników
Nie rozwiązałeś tego quizu